Pesticide residues in food 2006 : Joint meeting of the FAO Panel of Experts on Pesticide Residues in Food and the Environment and the WHO Core Assessment Group, Rome, Italy, 3 - 12 October 2006 : Evaluations

में बचाया:
ग्रंथसूची विवरण
निगमित लेखक: FAO
स्वरूप: पुस्तक
भाषा:Undetermined
प्रकाशित: Rome, Italy FAO 2007
विषय:
टैग : टैग जोड़ें
कोई टैग नहीं, इस रिकॉर्ड को टैग करने वाले पहले व्यक्ति बनें!
Thư viện lưu trữ: Trung tâm Học liệu Trường Đại học Cần Thơ
LEADER 00677nam a2200193Ia 4500
001 CTU_130357
008 210402s9999 xx 000 0 und d
082 |a 363.192 
082 |b F686/P.1-Vol.1 
110 |a FAO 
245 0 |a Pesticide residues in food 2006 : 
245 0 |b Joint meeting of the FAO Panel of Experts on Pesticide Residues in Food and the Environment and the WHO Core Assessment Group, Rome, Italy, 3 - 12 October 2006 : Evaluations 
245 0 |c FAO, WHO 
260 |a Rome, Italy 
260 |b FAO 
260 |c 2007 
650 |a Pesticide residues in food,Food contamination 
904 |i Minh 
980 |a Trung tâm Học liệu Trường Đại học Cần Thơ